header

Peasant economic development within the English manorial system (Record no. 236824)

MARC details
000 -LEADER
fixed length control field 01317nam a2200325Ia 4500
082 04 - DEWEY DECIMAL CLASSIFICATION NUMBER
Classification number 330.942/02
100 1# - MAIN ENTRY--AUTHOR NAME
Personal name Raftis, J. A.
245 10 - TITLE STATEMENT
Title Peasant economic development within the English manorial system
260 ## - PUBLICATION, DISTRIBUTION, ETC. (IMPRINT)
Place of publication Montreal :
Name of publisher McGill-Queen's University Press,
Year of publication 1996.
300 ## - PHYSICAL DESCRIPTION
Number of Pages viii, 243 p. :
Other physical details maps.
650 #0 - SUBJECT ADDED ENTRY--TOPICAL TERM
Topical Term Farm tenancy
Topical Term Manors
Topical Term Peasants
856 40 - ELECTRONIC LOCATION AND ACCESS
Uniform Resource Identifier http://site.ebrary.com/lib/rucke/Doc?id=10178262

No items available.

© 2026 Rongo University
Contact us: librarian | system librarian | Rongo university